Disney Princesses - Statistics

General Stats
  • This quiz has been taken 4,222 times
  • The average score is 9 of 15
Answer Stats
Hint Answer % Correct
Cinderella
94%
Snow White
90%
Ariel
82%
Aurora
82%
Belle
82%
Mulan
80%
Rapunzel
70%
Jasmine
68%
Tiana
68%
Pocahontas
62%
Merida
51%
Tinkerbell
12%
Leia
6%
Jessie
5%
Minnie Mouse
5%
No matching quizzes found
Score Distribution
Percent of People with Each Score
Percentile by Number Answered
Your Score History
You have not taken this quiz